|
|
|
|
| LEADER |
00954cam a2200265 7i4500 |
| 001 |
0000061869 |
| 005 |
20210909090000.0 |
| 020 |
|
|
|a 9783658203641 (electronic book)
|
| 090 |
0 |
0 |
|a HF5415.13
|b .O28 2018
|
| 100 |
1 |
|
|a Ocvirk, Gorazd
|
| 245 |
1 |
0 |
|a Strategic management of market niches :
|b a model framework
|c by Gorazd Ocvirk.
|
| 264 |
|
|
|a Wiesbaden, Germany:
|b Springer Gabler,
|c 2018.
|
| 300 |
|
|
|a 1 online resource (231 pages):
|b text file, PDF.
|
| 336 |
|
|
|a text
|2 rdacontent
|
| 337 |
|
|
|a computer
|2 rdamedia
|
| 338 |
|
|
|a online resource
|2 rdacarrier
|
| 490 |
0 |
|
|a Schriften zur Unternehmensentwicklung
|
| 650 |
|
0 |
|a Business
|
| 650 |
|
0 |
|a Strategic planning
|
| 650 |
|
0 |
|a Market segmentation --
|x Research
|
| 655 |
|
0 |
|a Electronic books
|
| 856 |
4 |
2 |
|u http://library.unisel.edu.my/web/guest/mylibrary
|
| 997 |
|
|
|a Business & Accountancy, Faculty
|
| 998 |
|
|
|a Business Management, Degree
|
| 999 |
|
|
|a EBO0006920
|b EBOOK
|c EBOOK
|e Electronic resources
|